LIBRARY & INFORMATION CENTRE, KCAET, TAVANUR

ONLINE PUBLIC ACCESS CATALOGUE (OPAC)

Dam Safety Code of Practice (Record no. 19390)

MARC details
000 -LEADER
fixed length control field 00347nam a22001337a 4500
003 - CONTROL NUMBER IDENTIFIER
control field OSt
008 - FIXED-LENGTH DATA ELEMENTS--GENERAL INFORMATION
fixed length control field 250215b |||||||| |||| 00| 0 eng d
041 ## - LANGUAGE CODE
Language code of text/sound track or separate title eng
100 ## - MAIN ENTRY--AUTHOR NAME
Personal name Ministry of Agriculture and Forestry
245 ## - TITLE STATEMENT
Title Dam Safety Code of Practice
250 ## - EDITION STATEMENT
Edition statement 1st
260 ## - PUBLICATION, DISTRIBUTION, ETC. (IMPRINT)
Name of publisher Ministry of Agriculture and Foresty,
Year of publication 1997.
942 ## - ADDED ENTRY ELEMENTS (KOHA)
Koha item type Books
Holdings
Withdrawn status Lost status Damaged status Home library Current library Date acquired Source of acquisition Cost, normal purchase price Accession Number Koha item type Public note
      KAUAET KAUAET 15/02/2025 Central Board of Irrigation and Power, New Delhi 500.00 19865 Books Bill No 105/2-21 dated 21/1/99
free website counter